Tilastot visalle Historiaa kirjaimittain - S

Klikkaa tästä pelataksesi tätä visaa!

Yleistilastot

  • Tätä visaa on pelattu 185 kertaa
  • Keskiarvotulos 12 / 20

Vastaustilastot

VihjeVastaus% Oikein
Hänen teoksiinsa kuuluvat muun muassa Romeo ja Julia sekä HamletWilliam Shakespeare
96%
Suomen ensimmäinen presidenttiKaarlo Juho Ståhlberg
94%
Japanin vastine Euroopan ritareilleSamurai
86%
Vuonna 1869 avattu suuri kanavaSuezin kanava
85%
Euroopasta Kiinaan yltänyt kauppareittien verkostoSilkkitie
84%
Platonin opettajaSokrates
76%
Sotilaallinen kaupunkivaltio, joka oli Ateenan merkittävä vihollinenSparta
71%
Mozartin syntymäkaupunkiSalzburg
65%
Ensimmäinen keinotekoinen satelliittiSputnik 1
65%
Itä-Saksan salainen poliisiStasi
63%
Osmanien valtakunnan hallitsijan arvonimiSulttaani
62%
Salvador Dalin edustama taidesuuntaus{Surreal}ismi
61%
Toisen maailmansodan käännekohtana pidetty taisteluStalingradin taistelu
56%
Rooman tasavallan ylin neuvostoSenaatti
52%
Historian tunnetuin viulujen rakentajaAntonio Stradivari
50%
Vuonna 1964 Tanganjikan kanssa yhdistynyt saaristoSansibar
38%
Muinaiset hindukirjoitukset on kirjoitettu tällä kielelläSanskrit
38%
Kiinaa vuosina 960–1279 hallinnut dynastiaSong
33%
Katolisen ja ortodoksisen kirkon eroon johtanut kiistaSuuri skisma
31%
Portugalin diktaattori 1932–1968António de Oliveira Salazar
22%

Tulosjakauma

Persentiili vastausten määrän mukaan

Jokaisen tuloksen saaneiden osuus

Tuloshistoriasi

Et ole pelannut tätä visaa